Mini Sudoku III Quiz Stats

 Plays Quiz Updated Mar 17, 2020

Support Sporcle.
Go Orange.
Score 0/10 Timer 03:00
7 Plays Today
% Correct
3
94.2%
1
93.2%
2
92.8%
1
92%
1
91.2%
3
90.3%
4
90%
4
89.9%
2
89.4%
4
89.2%

From the Vault

Batman: The Animated Series Characters

by druhutch

Never underestimate a man in a cape.
Remove Ads.
Support Sporcle.
Get the best of Sporcle when you Go Orange. This ad-free experience offers more features, more stats, and more fun while also helping to support Sporcle. Thank you for becoming a member.

Show Comments

Extras

Top Quizzes Today


Score Distribution

Your Account Isn't Verified!

In order to create a playlist on Sporcle, you need to verify the email address you used during registration. Go to your Sporcle Settings to finish the process.

Report this User

Report this user for behavior that violates our Community Guidelines.

Details: